000
00265pam a2200121 a 4500
020
_c
041
_a
eng
100
_a
Drew Jhon.
245
_a
Man, Microbo& Maladyan
_h
Textual Documents
260
_a
New York
_b
Penguin Books Ltd
300
_a
218p.
930
_a
15307
999
_c
92207
_d
92207